| 000 | 00403nam a22001697a 4500 | ||
|---|---|---|---|
| 003 | CEME | ||
| 005 | 20210628203704.0 | ||
| 008 | 210318b xxu||||| |||| 00| 0 eng d | ||
| 020 | _a0-672-30473-2 | ||
| 040 | _c. | ||
| 082 | _a004 SMI'C | ||
| 100 |
_aSmith, P.N , Guengerich, S.L _966856 |
||
| 245 | _aClient server computing | ||
| 260 |
_aINDIANA _bSAMS _c1994 |
||
| 300 | _a354P | ||
| 942 |
_cBK _2ddc |
||
| 999 |
_c574737 _d574737 |
||